书目信息 |
| 题名: |
古建筑保护与研究
|
|
| 作者: | 孟繁兴 , 陈国莹 著 | |
| 分册: | ||
| 出版信息: | 北京 知识产权出版社 2006 |
|
| 页数: | 321页 | |
| 开本: | 26cm | |
| 丛书名: | 古建学人系列文丛 | |
| 单 册: | ||
| 中图分类: | TU-87 | |
| 科图分类: | ||
| 主题词: | 古建筑--保护--研究--中国 , 古建筑 | |
| 电子资源: | ||
| ISBN: | 7-80198-147-2 | |
| 000 | 01104oam2 2200301 450 | |
| 001 | 003200347 | |
| 005 | 20091207100903.75 | |
| 010 | @a7-80198-147-2@dCNY45.00 | |
| 100 | @a20060104d2006 em y0chiy0110 ea | |
| 101 | 0 | @achi |
| 102 | @aCN@b110000 | |
| 105 | @aa z 000yy | |
| 106 | @ar | |
| 200 | 1 | @a古建筑保护与研究@9gu jian zhu bao hu yu yan jiu@f孟繁兴,陈国莹著 |
| 210 | @a北京@c知识产权出版社@d2006 | |
| 215 | @a321页@c图@d26cm | |
| 225 | 2 | @a古建学人系列文丛 |
| 312 | @a封面英文题名:Protection and research on ancient architecture | |
| 330 | @a本书收录了作者近五十年来在古建筑保护方面的论述和工程实践材料。其内容涉及木结构、砖石结构、石窟寺保护和古建筑中有关科学技术问题的地震考古,以及古建筑涉及抗震方面的探索。 | |
| 461 | 0 | @12001 @a古建学人系列文丛 |
| 510 | 1 | @aProtection and research on ancient architecture@zeng |
| 606 | 0 | @a古建筑@x保护@x研究@y中国 |
| 606 | 0 | @a古建筑 |
| 690 | @aTU-87@v4 | |
| 701 | 0 | @a孟繁兴@9meng fan xing@c(古建筑学)@4著 |
| 701 | 0 | @a陈国莹@9chen guo ying@c(女,@f1937~)@4著 |
| 801 | 0 | @aCN@bNLC@c20091207 |
| 905 | @b20796737-41@dTU-87@e79@f5 | |
| 古建筑保护与研究/孟繁兴,陈国莹著.-北京:知识产权出版社,2006 |
| 321页:图;26cm.-(古建学人系列文丛) |
| ISBN 7-80198-147-2:CNY45.00 |
| 本书收录了作者近五十年来在古建筑保护方面的论述和工程实践材料。其内容涉及木结构、砖石结构、石窟寺保护和古建筑中有关科学技术问题的地震考古,以及古建筑涉及抗震方面的探索。 |
| ● |
| 相关链接 |
|
|
|
|
正题名:古建筑保护与研究
索取号:TU-87/79
 
预约/预借
| 序号 | 登录号 | 条形码 | 馆藏地/架位号 | 状态 | 备注 |
| 1 | 796737 | 207967379 | 第二样本阅览室/ [索取号:TU-87/79] | 在馆 | |
| 2 | 796738 | 207967388 | 第三借阅区/ [索取号:TU-87/79] | 在馆 | |
| 3 | 796739 | 207967397 | 第三借阅区/ [索取号:TU-87/79] | 在馆 | |
| 4 | 796740 | 207967404 | 第三借阅区/ [索取号:TU-87/79] | 在馆 | |
| 5 | 796741 | 207967413 | 第三借阅区/ [索取号:TU-87/79] | 在馆 |